=LDR 00000nam 2200000 4500 =001 INLIS000000000011254 =005 20130612102833 =008 ***********************************Ind** =035 ##$$0010-061300000011254 =041 ##$$a Ind =082 ##$$a 954.7 =090 ##$$a 954.7, Noz p =100 ##$$a Nazar, H =245 ##$$a Pakistan dan Bangladesh dalam lukisan, H.Nazar =260 ##$$a 1976 $b Jakarta =300 ##$$a 64. hlm., ilus, 21 cm =650 ##$$a Pakistan dan Bangladesh =850 ##$$a NBPNMAT